000
00181 a2200097 4500
020
_a
9789502406404
041
_a
spa
100
_a
Moses, Brian
245
_a
Tengo celos
942
_c
BK
999
_c
31916
_d
31914